000 00838nam a22002897a 4500
001 0001994
003 KOHA_MİRAKIL
005 20260207001258.0
007 ta
008 090210b2000 tu |||gr||||#||||0|tur |
040 _aTR-BiSEU
_btur
_cTR-BiSEU
_erda
041 0 _atur
044 _ctu
050 _aHG2481
_b.P21 2000
100 1 _aParasız, İlker.
245 1 _aModern bankacılık teori ve uygulama/
_cİlker Parasız ; İlker Parasız.
264 1 _aİstanbul :
_bBanksis Yayınları
_c2000
300 _a360 sayfa
336 _ametin
_btxt
_2rdacontent
337 _aaracısız
_bn
_2rdamedia
338 _acilt
_bnc
_2rdacarrier
490 1 _aBanksis Yayınları ;
_v82.
500 _aKaynakça var.
650 0 _aBankalar Ve Bankacılık.
_95787
830 1 _aBanksis Yayınları ;
_v82.
_95788
942 _2lcc
_cBK
999 _c1981
_d1981